00341cam a2200157 a 4500020001800000020001500018041000800033082001300041100002000054245002200074260004100096300001200137650001100149650001000160650001300170 a9788124605165 a8124605165 aENG a291bSHA1 aSharma, Arvind.10aIslam for Hindus  aNew Delhi :bD.K. Printworld,c2009. a94 p. ; 0aIslam. 0aIslam 0aHinduism